Statistiques concernant Français - Les adjectifs relatifs aux fleuves

Cliquez ici pour prendre le quiz!

Statistiques générales

  • Ce quiz a été pris 80 fois
  • Le résultat moyen est 14 sur 18

Statistiques - réponses

AdjectifFleuve% Correct
CharentaisCharente
96%
DordognaisDordogne
96%
GaronnaisGaronne
96%
HéraultaisHérault
94%
RhodanienRhône
94%
AudoisAude
92%
RhénanRhin
92%
VaroisVar
92%
OrnaisOrne
91%
SévrienSèvre
90%
AdouréenAdour
82%
ViroisVire
81%
DunoisDun
74%
MosanMeuse
69%
LigérienLoire
60%
SéquanaisSeine
53%
SamarienSomme
25%
ScaldienEscaut
12%

Distribution des résultats

Percentile par nombre de réponses

% des personnes avec chaque résultat

Votre développement - résultats

Vous n’avez pas pris ce quiz